Political corruption in India (Record no. 1450614)
[ view plain ]
| 000 -LEADER | |
|---|---|
| fixed length control field | 00624nam a2200217Ia 4500 |
| 005 - DATE AND TIME OF LATEST TRANSACTION | |
| control field | 20250923145356.0 |
| 008 - FIXED-LENGTH DATA ELEMENTS--GENERAL INFORMATION | |
| fixed length control field | 008 250917s9999 xx 000 0 eng d |
| 037 ## - SOURCE OF ACQUISITION | |
| Stock number | Textual |
| 040 ## - CATALOGING SOURCE | |
| Original cataloging agency | DSWL |
| Language of cataloging | eng |
| Transcribing agency | DSWL |
| 041 ## - LANGUAGE CODE | |
| Language code of text/sound track or separate title | eng |
| Source of code | eng |
| 084 ## - COLON CLASSIFICATION NUMBER | |
| Classification number | W.2'N6:g, N67 |
| Assigning agency | DSWL |
| 100 ## - MAIN ENTRY--PERSONAL NAME | |
| Personal name | Dwivedy, S. |
| 9 (RLIN) | 834638 |
| 245 #0 - TITLE STATEMENT | |
| Title | Political corruption in India |
| Statement of responsibility, etc. | by S. Bhargava Dwivedy |
| 260 ## - PUBLICATION, DISTRIBUTION, ETC. | |
| Place of publication, distribution, etc. | New Delhi |
| Name of publisher, distributor, etc. | Popular Book Service |
| Date of publication, distribution, etc. | 1967 |
| 300 ## - PHYSICAL DESCRIPTION | |
| Extent | x,180 p. |
| 365 ## - TRADE PRICE | |
| Price type code | INR |
| Price amount | 12 . 0 |
| 700 ## - ADDED ENTRY--PERSONAL NAME | |
| Personal name | G.S. Bhargava |
| 9 (RLIN) | 834639 |
| 925 ## - | |
| -- | 12 . 0 |
| 942 ## - ADDED ENTRY ELEMENTS (KOHA) | |
| Koha item type | Textual |
| Classification part | W.2'N6:g, N67 |
| Withdrawn status | Lost status | Damaged status | Not for loan | Home library | Current library | Date acquired | Source of acquisition | Total Checkouts | Full call number | Barcode | Date last seen | Price effective from | Koha item type |
|---|---|---|---|---|---|---|---|---|---|---|---|---|---|
| Department of Social Work Library | Department of Social Work Library | 2025-09-23 | The University of Wisconsin College year in India Program Delhi-6 | W.2'N6:g, N67 | SW0017990 | 2025-09-23 | 2025-09-23 | Textual |
